000 01031nam0a22002771 4500
001 rc\3912798
005 20250611020903.0
021 _aRU
_b[52-22384]
035 _a(NLR Aleph) 008020385
090 _a8756980
_c8756980
100 _a20130415d1951 |||y0rusy50 ca
101 0 _arus
102 _aRU
105 _aa z |||||
200 1 _aТехника теннисиста
_eНаглядное учеб. пособие
210 _aМосква
_cФизкультура и спорт
_d1951
215 _a64 с.
_cил.
_d30
300 _aНа переплете авт. не указан
300 _aПеред загл. авт.: С.П. Белиц-Гейман, мастер спорта
606 _aТеннис
_jУчебно-наглядные пособия
_2psbo
700 1 _7ca
_8rus
_aБелиц-Гейман
_bС. П.
_f1921-2000
_gСемен Павлович
_9269148
_3RU\NLR\AUTH\770269204
801 0 _aRU
_bNLR
_gpsbo
801 1 _aRU
_bELAR
_2rusmarc
852 _aNLR
_jФк02 Г-8/47
942 _cBOOK
980 _aNB